| 000 | 00974nas a2200337 4500 | ||
|---|---|---|---|
| 001 | BR0401601 | ||
| 003 | BR-BrBNA | ||
| 005 | 20231205104454.0 | ||
| 007 | ta | ||
| 008 | 230509b bl.|||p| |||| 00| 00por d | ||
| 040 |
_aBR-BrBNA _bpor _cBiblioteca Nacional de Agricultura |
||
| 041 | _a(Pt) | ||
| 072 | _aK10; K50 | ||
| 100 | 1 | _aBilia, D.A.C. | |
| 100 | 1 | _aBarbedo, C.J. | |
| 100 | 1 | _aCicero, S.M. | |
| 100 | 1 | _aMarcos Filho, J. | |
| 245 | 1 | _aIngá: uma espécie importante para recomposição vegetal em florestas ripárias, com sementes interessantes para a ciência | |
| 650 | _aINGÁ | ||
| 650 | _aSEMENTE | ||
| 650 | _aFLORESTA | ||
| 650 | _aREFLORESTAMENTO | ||
| 650 | _aPOLPA | ||
| 650 | _aPAPEL | ||
| 650 | _aMADEIRA | ||
| 650 | _aLENHA | ||
| 650 | _aPROCESSAMENTO | ||
| 773 | 0 |
_tInformativo ABRATES (Brazil) _xISSN 0103-667X _g(Aug 2003), v. 13(1-2) p. 26-30 _wBR0401601 |
|
| 909 |
_a202311 _bLúcia _c55 _dLúcia Elande |
||
| 942 |
_2AGRIS _n0 _cANA |
||
| 999 |
_c178302 _d178302 |
||